Statistics for Country Flags with Yellow Stars ⭐️

Click here to take the quiz!

General Stats

  • This quiz has been taken 101 times
  • The average score is 7 of 16

Answer Stats

#BackgroundCountry% Correct
5RedChina
92%
1RedVietnam
80%
9BlueTuvalu
45%
1Red GreenBurkina Faso
44%
1RedCameroon
42%
3WhitePhilippines
42%
10Blue White RedCape Verde
41%
1RedAngola
35%
1GreenMauritania
35%
7RedGrenada
32%
1BlueSouth Sudan
30%
7WhiteTajikistan
30%
1BlueDemocratic Republic of the Congo
29%
1RedSuriname
29%
1BlueCentral African Republic
26%
1RedMozambique
26%

Score Distribution

Percentile by Number Answered

Percent of People with Each Score

Your Score History

You have not taken this quiz